000 00333nam a2200133 i 4500
001 bg
100 1 _aKOLMAN, Romuald
245 0 _aWybrane zagadnienia metodologiczne prac doktorskich /
_cRomuald Kolman.
260 _aGdaƄsk,
_c1979.
040 _cBPK
041 _apol
942 _cKS
008 s pl f |000 0 pol
999 _c19137
_d19137
856 _uhttp://koha.tu.koszalin.pl/cgi-bin/koha/opac-detail.pl?biblionumber=19137
_yKatalog online BPK